000 00484nam a2200181Ia 4500
001 18844
005 20260306171700.0
008 260306s9999||||xx |||||||||||||| ||und||
041 _aESP
082 _a658.5
_bS56
100 _aSimchi-Levi, David
_eAUT
245 0 _aDesigning and managing the supply chain:
_bconcepts, strategies, and case studies
260 _c2008
300 _axxviii, 498 páginas :
_c26 cm.
650 _aGEN
654 _aCAN
942 _cLIB
_dJUS
_fJUS
_2ddc
_n
999 _c18844
_d18844